| 000 | 00435nam a2200169 a 4500 | ||
|---|---|---|---|
| 001 | 0597 | ||
| 005 | 20140414131910.0 | ||
| 008 | 040201s19uu xx 00 eng d | ||
| 020 | _a0-307-00142-3 | ||
| 050 |
_aER _bD65 1950 |
||
| 100 | _aGaspard, Helen | ||
| 245 |
_aDoctor Dan : _bthe bandage man / _cHelen Gaspard. |
||
| 260 |
_aU.S.A : _bWestern, _c1993. |
||
| 300 | _ap. ; cm. | ||
| 650 |
_aDoctors _xfiction. |
||
| 999 |
_c111185 _d111185 |
||